The philosophical and practical aspects of Kasmira Saivism : (Record no. 72795)

MARC details
000 -LEADER
fixed length control field 00879nam a22002177a 4500
005 - DATE AND TIME OF LATEST TRANSACTION
control field 20130110115252.0
008 - FIXED-LENGTH DATA ELEMENTS--GENERAL INFORMATION
fixed length control field 130110t xxu||||| |||| 00| 0 eng d
010 ## - LCCN (DPL NO)
LC control number ENG-106533
020 ## - INTERNATIONAL STANDARD BOOK NUMBER
International Standard Book Number 9788121512329
Terms of availability 750.00
035 ## - SYSTEM CONTROL NUMBER
System control number EN-90066
037 ## - SOURCE OF ACQUISITION
Source of stock number/acquisition DBAD/PUB
082 ## - DEWEY DECIMAL CLASSIFICATION NUMBER
Classification number 232
100 ## - MAIN ENTRY--PERSONAL NAME
Personal name Pandit, Moti Lal
9 (RLIN) 54708
245 ## - TITLE STATEMENT
Title The philosophical and practical aspects of Kasmira Saivism :
Statement of responsibility, etc by Moti Lal pandit
Remainder of title a study of Trika thought and practice /
260 ## - PUBLICATION, DISTRIBUTION, ETC. (IMPRINT)
Place of publication, distribution, etc New Delhi
Name of publisher, distributor, etc Munshiram Manoharlal Publishers
Date of publication, distribution, etc 2012
270 ## - ADDRESS
Address Post box 5715, 54, Rani Jhansi Road
City New Delhi
State or province Delhi
Postal code 110055
300 ## - PHYSICAL DESCRIPTION
Extent xii, 276p.
Dimensions 22 cm(Hb)
500 ## - GENERAL NOTE
General note Includes bibliographical references and index
942 ## - ADDED ENTRY ELEMENTS (KOHA)
Institution code [OBSOLETE] dpl
Item type English Books
Call number prefix 232 / PAN
Source of classification or shelving scheme Dewey Decimal Classification
Classification part 232
Call number suffix PAN
Holdings
Withdrawn status Lost status Source of classification or shelving scheme Damaged status Not for loan Collection code Home library Current library Date acquired Source of acquisition Cost, normal purchase price Total Checkouts Full call number Barcode Date last seen Copy number Cost, replacement price Koha item type
    Dewey Decimal Classification     Non-fiction D.B.Act.Division D.B.Act.Division 10/01/2013 DBAD/PUB 750.00   232 PAN EN-90066 10/01/2013 1 750.00 English Books

© Delhi Public Library
Hit Counter
free hit counter